000 00927cam a2200277 i 4500
003 EG-ScBUE
005 20260503103727.0
008 161017s2013 ii a f bd 001 0 eng d
020 _a9781118546796
040 _aEG-ScBUE
_beng
_erda
_cEG-ScBUE
_dEG-ScBUE
082 0 4 _222
_a511.352
_bMAH
100 1 _aMahesh, Kavi,
_eauthor.
245 1 0 _aTheory of computation :
_ba problem-solving approach /
_cDr. Kavi Mahesh.
264 1 _aNew Delhi :
_bJohn Wiley & Sons,
_c2013.
300 _axxii, 342 pages :
_billustrations ;
_c24 cm
336 _2rdacontent
_atext
_btxt
337 _aunmediated
_2rdamedia
_bn
338 _avolume
_bnc
_2rdacarrier
500 _aIncludes glossary.
504 _aIncludes bibliographical references and index.
650 7 _2BUEsh
_aComputable functions.
650 7 _aFunctional programming languages.
_2BUEsh
653 _bCOMSCI
_cOctober2016
655 _vReading book
942 _2ddc
_cBB
999 _c22656
_d22628